[Event "ch-IND"]
[Site "Mumbai IND"]
[Date "2003.01.20"]
[Round "4"]
[White "Satyapragyan,S"]
[Black "Venkatesh,M"]
[Result "0-1"]
[WhiteElo "2438"]
[BlackElo "2399"]

1.e4 c5 2.Nf3 Nc6 3.Bb5 g6 4.Bxc6 dxc6 5.d3 Bg7 6.h3 Nf6 7.Nc3 O-O 8.Be3 b6
9.Qd2 e5 10.Bh6 Qd6 11.Bxg7 Kxg7 12.Nh2 Be6 13.Ng4 Ng8 14.O-O-O b5 15.Ne2 f6
16.Kb1 a5 17.f4 a4 18.Ne3 exf4 19.Nxf4 Bf7 20.Rhf1 a3 21.b3 Qe5 22.Qc1 c4
23.Ng4 Qe7 24.Rde1 h5 25.e5 hxg4 26.exf6+ Qxf6 27.Nh5+ gxh5 28.Rxf6 Nxf6
29.Re7 Kg6 30.Re5 Bd5 31.Qg5+ Kf7 32.Rf5 Ke6 33.Qf4 Nd7 34.hxg4 hxg4 35.Rxf8 Rxf8
36.Qxg4+ Kd6 37.Kc1 Ne5 38.Qg3 cxd3 39.cxd3 Rg8 40.Qf4 Ke6 41.Qh6+ Kf5 42.Qh7+ Kf4
43.d4 Ng4 44.Qe7 Rg6 45.Qxa3 Ne3 46.Qf8+ Ke4 47.Kb2 Rxg2+ 48.Kc3 Rc2+ 49.Kb4 Rxa2
50.Qe7+ Kd3 51.Qh7+ Be4 52.Qg7 Rc2 53.Qg3 Kxd4 54.Qg7+ Kd3 55.Qg3 Rc3 56.Qh3 Kc2
57.Qh2+ Ng2 58.Qe5 Rxb3+ 59.Ka5 Ra3+ 60.Kb6 Ra4 61.Qg3 Rc4 62.Qf2+ Kb3 63.Qg3+ Rc3
64.Qg4 Bf3 65.Qg8+ Bd5 66.Qg6 Ne3 67.Qb1+ Kc4 68.Qa2+ Kb4 69.Qb2+ Bb3 70.Qf2 Nd5+
71.Ka6 c5 72.Qh4+ Bc4 73.Qe1 Bd3 74.Qe5 Ra3+ 75.Kb7 Kc4 76.Kc6 Ra6+ 77.Kb7 Rb6+
78.Ka7 b4 79.Qe1 b3 80.Qc1+ Kb5 81.Qd2 c4 82.Qg5 Kc5 83.Qg1+ Kb4 84.Qd4 Rb5
85.Ka6 Nc3 86.Qd6+ Ka4 87.Qd4 b2  0-1

[Event "TSGM Jan"]
[Site "Novi Sad YUG"]
[Date "2003.01.21"]
[Round "5"]
[White "Sedlak,N"]
[Black "Kostic,Vl"]
[Result "1/2-1/2"]
[WhiteElo "2506"]
[BlackElo "2391"]

1.e4 c5 2.Nf3 Nc6 3.Bb5 e6 4.O-O Nge7 5.b3 a6 6.Bxc6 Nxc6 7.Bb2 d6 8.d4 cxd4
9.Nxd4 Bd7 10.c4 Be7 11.Nxc6 Bxc6 12.Bxg7 Rg8 13.Bd4 Bxe4 14.f3 Bc6 15.Nc3 Qa5
16.Qd3 Qg5 17.Rf2 Qg6 18.Qd2 f5 19.Bb6 Kf7 20.Raf1 Rg7 21.Bd4  1/2-1/2

[Event "TSGM Jan"]
[Site "Novi Sad YUG"]
[Date "2003.01.24"]
[Round "9"]
[White "Marzolo,C"]
[Black "Feletar,D"]
[Result "1/2-1/2"]
[WhiteElo "2480"]
[BlackElo "2434"]

1.e4 c5 2.Nf3 Nc6 3.Bb5 g6 4.Bxc6 dxc6 5.h3 Bg7 6.d3 Nf6 7.Nc3 O-O 8.Be3 b6
9.Qd2 Nd7 10.Bh6 e5 11.O-O-O Qe7 12.g4 b5 13.Ne2 f6 14.Ng3 Rf7 15.Rdg1 Nf8
16.Bxg7 Rxg7 17.Kb1 a5 18.Ne2 a4 19.g5 Ne6 20.h4 Bd7 21.Rg3 Rf8 22.gxf6 Qxf6
23.Qc3 Nd4 24.Nexd4 cxd4 25.Qc5 Re8 26.Rhg1 h6 27.a3  1/2-1/2

[Event "GMA"]
[Site "Bermuda BER"]
[Date "2003.01.27"]
[Round "3"]
[White "Vescovi,G"]
[Black "Christiansen,L"]
[Result "1/2-1/2"]
[WhiteElo "2592"]
[BlackElo "2562"]

1.e4 c5 2.Nf3 Nc6 3.Bb5 d6 4.O-O Bd7 5.Re1 Nf6 6.h3 Ne5 7.a4 e6 8.b3 Ng6
9.Bb2 Be7 10.d4 cxd4 11.Qxd4 O-O 12.Bxd7 Qxd7 13.c4 Qc7 14.Nc3 a6 15.Rad1 Rad8
16.Ba3 Rfe8 17.Qe3 Nd7 18.Rd2 b6 19.Ne2 Nc5 20.Ng3 Bf8 21.Red1 Rb8 22.Rc2 Qb7
23.Bb2 b5 24.axb5 axb5 25.e5 dxe5 26.Nxe5 bxc4 27.bxc4 Nh4 28.Nf3 Nxf3+ 29.Qxf3 Qxf3
30.gxf3 Rb3 31.Kg2 Rc8 32.Bc1 Nd3 33.Be3 Bb4 34.Kf1 f5 35.Ne2 e5 36.f4 exf4
37.Bxf4 Bc5 38.Bg3 Bb6 39.Nc1 Nxc1 40.Rdxc1 Bc5  1/2-1/2

[Event "Kaissa Open"]
[Site "Kharkov UKR"]
[Date "2003.01.27"]
[Round "6"]
[White "Aveskulov,V"]
[Black "Shalimov,V UKR"]
[Result "1/2-1/2"]
[WhiteElo "2386"]
[BlackElo "2452"]

1.e4 c5 2.Nf3 Nc6 3.Bb5 g6 4.O-O Bg7 5.c3 e5 6.d4 cxd4 7.cxd4 Nxd4 8.Nxd4 exd4
9.Bf4 Ne7 10.a4 a6 11.Qc2 O-O 12.Bc7 Qe8 13.Bd3 d5 14.Bd6 Qd8 15.Qc5 Re8
16.Bc7 Qd7 17.Nd2 Nc6 18.Bg3 Bf8 19.Qxd5 Qxd5 20.exd5 Nb4 21.Bc4 Bf5 22.Bc7 d3
23.d6 Red8 24.Nf3 Bxd6 25.Bxd8 Rxd8 26.Rad1 Kg7 27.Ng5 Bf4 28.Nf3 d2 29.g3 Be4
30.Be2 Bh6 31.Ne5 Rd5 32.f4 Rxe5 33.fxe5 Be3+ 34.Rf2 Bc2 35.Ra1 Nd3 36.Bxd3 Bxd3
37.Rd1 Bc2 38.Rxd2 Bxa4 39.Rd3 Bc5 40.Rf3 Be8 41.Kf1  1/2-1/2

[Event "Gibraltar Masters"]
[Site "Catalan Bay ENG"]
[Date "2003.01.28"]
[Round "1"]
[White "Campora,D"]
[Black "Straub,P"]
[Result "1-0"]
[WhiteElo "2505"]
[BlackElo "2112"]

1.e4 c5 2.Nf3 Nc6 3.Bb5 e6 4.O-O Nge7 5.c3 a6 6.Ba4 b5 7.Bc2 d5 8.e5 g6 9.d4 cxd4
10.cxd4 h6 11.Nc3 Nf5 12.Re1 Qb6 13.Bxf5 gxf5 14.Ne2 Be7 15.Nf4 Bd7 16.Be3 O-O-O
17.Re2 Kb8 18.Nd3 Nb4 19.Nxb4 Bxb4 20.Rc2 Rc8 21.Rxc8+ Bxc8 22.a3 Be7 23.Qd2 h5
24.Bg5 Qd8 25.h4 Bxg5 26.Nxg5 Qe7 27.Rc1 Bb7 28.b4 f6 29.exf6 Qxf6 30.Qf4+ Ka8
31.Rc7 Re8 32.Qd6 Qd8 33.Qxd8+ Rxd8 34.Nxe6 Re8 35.Nc5 Re1+ 36.Kh2 Rc1 37.Kg3 Rc4
38.f3 f4+ 39.Kxf4  1-0

[Event "3rd GM"]
[Site "Griesheim GER"]
[Date "2003.01.29"]
[Round "1"]
[White "Buhmann,R"]
[Black "Krivoshey,S"]
[Result "1/2-1/2"]
[WhiteElo "2525"]
[BlackElo "2503"]

1.e4 c5 2.Nf3 Nc6 3.Bb5 d6 4.O-O Bd7 5.Re1 a6 6.Bf1 Bg4 7.h3 Bxf3 8.Qxf3 Nf6
9.c3 e6 10.Qg3 g6 11.Na3 Be7 12.d3 O-O 13.Bh6 Re8 14.Rad1 d5 15.Qf3 d4  1/2-1/2

[Event "Kaissa Open"]
[Site "Kharkov UKR"]
[Date "2003.01.29"]
[Round "8"]
[White "Rogovski,V"]
[Black "Shalimov,V UKR"]
[Result "1-0"]
[WhiteElo "2457"]
[BlackElo "2452"]

1.e4 c5 2.Nf3 Nc6 3.Bb5 g6 4.O-O Bg7 5.c3 e5 6.d4 cxd4 7.cxd4 Nxd4 8.Nxd4 exd4
9.f4 Ne7 10.f5 Nc6 11.f6 Bf8 12.Nd2 Bc5 13.Nb3 Qb6 14.Nxc5 Qxc5 15.Ba4 b5
16.Bb3 d6 17.Bf4 Ne5 18.Bd5 Bg4 19.Qb3 O-O 20.Qg3 d3+ 21.Kh1 Be2 22.Qg5 Nd7
23.Be3 Qc2 24.e5 Bxf1 25.Qh6  1-0

[Event "Kaissa Open"]
[Site "Kharkov UKR"]
[Date "2003.01.30"]
[Round "9"]
[White "Aveskulov,V"]
[Black "Makarov,V MDA"]
[Result "1/2-1/2"]
[WhiteElo "2386"]
[BlackElo "2278"]

1.e4 c5 2.Nf3 Nc6 3.Bb5 e6 4.O-O Nge7 5.Re1 a6 6.Bf1 d5 7.exd5 Nxd5 8.d3 Be7
9.Nbd2 O-O 10.a4 b6 11.Nc4  1/2-1/2

[Event "ch-IND"]
[Site "Mumbai IND"]
[Date "2003.01.30"]
[Round "20"]
[White "Ramesh,R"]
[Black "Roy Chowdhury,S"]
[Result "1/2-1/2"]
[WhiteElo "2472"]
[BlackElo "2395"]

1.e4 c5 2.Nf3 Nc6 3.Bb5 d6 4.O-O Bd7 5.Re1 a6 6.Bxc6 Bxc6 7.d4 cxd4 8.Nxd4 Nf6
9.Nxc6 bxc6 10.Qf3 e5 11.Bg5 Be7 12.Nd2 O-O 13.Nc4 Qc7 14.Rad1 Rfd8 15.Rd3 d5
16.Bxf6 Bxf6 17.Ne3 d4 18.Nc4 Qe7 19.b3 g6 20.c3 Qe6 21.cxd4 exd4 22.g3 Be7
23.Red1 c5 24.Qe2 Re8 25.f4 Bf8 26.e5 f6 27.Rf1 Bg7 28.Rdf3  1/2-1/2

[Event "National I"]
[Site "Drancy FRA"]
[Date "2003.01.31"]
[Round "1"]
[White "Marcelin,C"]
[Black "Lautier,J"]
[Result "1/2-1/2"]
[WhiteElo "2503"]
[BlackElo "2670"]

1.e4 c5 2.Nf3 Nc6 3.Bb5 e6 4.Bxc6 bxc6 5.d3 Ne7 6.Qe2 Qc7 7.Ng5 e5 8.O-O h6
9.Nh3 g5 10.f3 d6 11.Nf2 f5 12.exf5 Bxf5 13.Nd2 Bg7 14.Nde4 O-O 15.Be3 Nd5
16.a3 a5 17.a4 Nf4 18.Qe1 Bg6 19.Rb1 Ne6 20.b3 Qe7 21.Nd2 d5 22.Nh1 Rf7 23.Bf2 Qb7
24.Bg3 Re8 25.Nf2 h5 26.h3 Qb6 27.Bh2 Rfe7 28.Kh1 Nf4 29.Bg1 Qd8 30.Qe3 Qd6
31.Rbd1 Bf8 32.Qe1 Rh7 33.Nb1 Qd8 34.Nc3 Bd6 35.Ne2 Bf5 36.Ne4 dxe4 37.dxe4 Be6
38.Nxf4 gxf4 39.Bxc5 Rd7 40.Rxd6 Rxd6 41.Bxd6 Qxd6 42.Qxa5 c5 43.Ra1 Re7
44.Qe1 Rg7 45.Rd1 Qe7 46.Qd2 Kh7 47.Qd8 Qf7 48.Qh4 Qg6 49.Rd2 c4 50.bxc4 Bxc4
51.a5 Bf1 52.Qf2 Qa6 53.Qb6 Qc8 54.Kg1 Qc3 55.Rf2 Bc4 56.Kh2 Qe3 57.Kg1 Qxb6
58.axb6 Rb7 59.Rd2 Rxb6 60.h4 Rb2 61.Kf2 Ra2 62.Kg1 Kg7 63.Rd7+ Kf6 64.Rc7 Ra4
65.Rb7 Be6 66.Rb6 Rd4 67.Ra6 Rc4 68.Ra5 Rxc2 69.Rb5 Bd7 70.Ra5 Ke6 71.Ra6+ Bc6
72.Ra7 Kd6 73.Rh7 Be8 74.Rh6+ Ke7 75.Rb6 Rc1+ 76.Kh2 Rc7 77.Ra6 Bc6 78.Rb6 Kd6
79.Rb8 Ke7 80.Rb6 Rc8 81.Ra6 Kd6 82.Ra7 Rc7 83.Ra5 Re7 84.Kg1 Rb7 85.Kh2 Rb5
86.Ra7 Bb7 87.Ra2 Kc5 88.Rd2 Kc4 89.Rd6 Rb2 90.Kg1 Rb1+ 91.Kh2 Rb2 92.Kg1 Ra2
93.Rh6 Kd4 94.Rxh5 Ra6 95.Rh7 Bxe4 96.fxe4 Kxe4 97.h5 Ke3 98.h6 e4 99.Rh8 Re6
100.Kf1 Rg6 101.Rh7 Ra6 102.Kg1 Ke2 103.Rf7 Rxh6 104.Rxf4 e3 105.Ra4 Rd6
106.g4 Kf3 107.Ra8 Rd4 108.Kf1 Kxg4  1/2-1/2

[Event "National I"]
[Site "Drancy FRA"]
[Date "2003.01.31"]
[Round "1"]
[White "Skripchenko,A"]
[Black "Bernard,Ja"]
[Result "1-0"]
[WhiteElo "2501"]
[BlackElo "2201"]

1.e4 c5 2.Nf3 Nc6 3.Bb5 e6 4.O-O Nge7 5.b3 a6 6.Bxc6 Nxc6 7.Bb2 f6 8.Nh4 Qe7
9.f4 Qf7 10.d3 Be7 11.c4 O-O 12.f5 Bd6 13.Nd2 Be5 14.Bxe5 Nxe5 15.Ndf3 d6
16.Nxe5 dxe5 17.g4 Bd7 18.Qe1 exf5 19.gxf5 Qh5 20.Rf3 Kf7 21.Kh1 Rac8 22.Qf2 Rg8
23.Rg1 Rc6 24.Rfg3 Kf8 25.Rh3 Qf7 26.Ng2 g6 27.Ne3 b6 28.Qh4 Rd6 29.Nd5 gxf5
30.Qh6+ Ke8 31.Rxg8+ Qxg8 32.Rg3 Qf8 33.Qxh7 Be6 34.Nc7+ Kd8 35.Nxe6+  1-0

[Event "National I"]
[Site "Bischwiller FRA"]
[Date "2003.02.01"]
[Round "2"]
[White "Baklan,V"]
[Black "Wagner,Cl"]
[Result "1-0"]
[WhiteElo "2605"]
[BlackElo "2360"]

1.e4 c5 2.Nf3 Nc6 3.Bb5 g6 4.Bxc6 bxc6 5.O-O Bg7 6.Re1 Nh6 7.c3 O-O 8.d4 cxd4
9.cxd4 d6 10.h3 f6 11.Nc3 Nf7 12.Be3 Bd7 13.Rc1 Kh8 14.Qe2 Qb8 15.b3 Qb7
16.Qc4 Rab8 17.Bd2 Qb6 18.Be3 Qb7 19.Qd3 Rbe8 20.Rcd1 Bc8 21.Bc1 Rd8 22.Qc2 Qa6
23.Na4 Qb5 24.Nc3 Qa6 25.Bb2 Bd7 26.d5 c5 27.Ne2 Bh6 28.Bc1 Bxc1 29.Nxc1 Ne5
30.Qc3 Qa3 31.Nd2 g5 32.Nd3 Ng6 33.Nc4 Qa6 34.a4 Rb8 35.Rf1 Rg8 36.Kh2 Ne5
37.Ndxe5 fxe5 38.Rd3 Rbf8 39.Rf3 Qc8 40.Rc1 Rf4 41.Nxe5 dxe5 42.Qxe5+ Rg7
43.Rxf4 gxf4 44.Qxf4 Qg8 45.g4 h5 46.f3 hxg4 47.hxg4 Bxg4 48.fxg4 Rxg4 49.Qe5+ Qg7
50.Qxg7+ Rxg7 51.Rxc5 Rg4 52.Rc7 Rxe4 53.Rxa7 Kg8 54.a5  1-0

[Event "Gibraltar Masters"]
[Site "Catalan Bay ENG"]
[Date "2003.02.01"]
[Round "5"]
[White "Palac,M"]
[Black "Cherniaev,A1"]
[Result "1-0"]
[WhiteElo "2591"]
[BlackElo "2504"]

1.e4 c5 2.Nf3 Nc6 3.Bb5 e6 4.Bxc6 bxc6 5.d3 Ne7 6.Qe2 Qc7 7.Nh4 h6 8.g3 g6
9.f4 Bg7 10.Nf3 f6 11.e5 fxe5 12.fxe5 O-O 13.Nbd2 Nf5 14.c3 Ba6 15.Ne4 c4
16.d4 c5 17.Nxc5 Bb7 18.Nxb7 Qxb7 19.O-O Qd5 20.Bd2 Rab8 21.Rab1 Rb6 22.Be1 Rfb8
23.g4 Ne7 24.Bh4 Nc6 25.Qc2 Kh7 26.Bg3 Rf8 27.Nh4  1-0

[Event "National I"]
[Site "Drancy FRA"]
[Date "2003.02.01"]
[Round "2"]
[White "Skripchenko,A"]
[Black "Te Llalemand,R"]
[Result "1-0"]
[WhiteElo "2501"]
[BlackElo "2283"]

1.e4 c5 2.Nf3 Nc6 3.Bb5 g6 4.Bxc6 bxc6 5.O-O d6 6.h3 Bg7 7.c3 e5 8.d4 cxd4
9.cxd4 Qc7 10.dxe5 dxe5 11.Be3 Nf6 12.Nc3 O-O 13.Qa4 h6 14.Rac1 Be6 15.Rc2 Rfb8
16.Qa6 c5 17.Nd2 Nd7 18.b3 Rb6 19.Qe2 Re8 20.Rfc1 f5 21.f3 Rc6 22.Na4 Qd6
23.Nc4 Qe7 24.Na5 Rc7 25.Nc3 Rb8 26.Nb5 Rxb5 27.Qxb5 fxe4 28.fxe4 Qh4 29.Qd3 Qg3
30.Rf1 Nf8 31.Qe2 Nd7 32.Qf2 Qxf2+ 33.Bxf2 Bf8 34.Rfc1 a6 35.b4 c4 36.a3 Nf6
37.Nxc4  1-0

[Event "National I"]
[Site "Sautron FRA"]
[Date "2003.02.01"]
[Round "2"]
[White "Garrido,De"]
[Black "Bauer,Ch"]
[Result "0-1"]
[WhiteElo "2270"]
[BlackElo "2579"]

1.e4 c5 2.Nf3 Nc6 3.Bb5 Nf6 4.Nc3 Qc7 5.O-O Nd4 6.Re1 a6 7.Bf1 Ng4 8.g3 Nxf3+
9.Qxf3 Ne5 10.Qd1 e6 11.Bg2 Be7 12.d3 d6 13.Ne2 O-O 14.c3 c4 15.Nf4 cxd3
16.Nxd3 Nc6 17.Qh5 e5 18.Be3 Be6 19.b3 b5 20.Rac1 a5 21.f4 f6 22.Bh3 Bf7
23.Qd1 Rfd8 24.c4 bxc4 25.bxc4 Rab8 26.Qe2 Nb4 27.Nf2 Qc6 28.Red1 Na6 29.Qe1 Qa4
30.Qc3 Nb4 31.a3 Na2 32.Qc2 Qxa3 33.Rd3 Qb2 34.Qxb2 Rxb2 35.fxe5 Nxc1  0-1

[Event "National I"]
[Site "Drancy FRA"]
[Date "2003.02.02"]
[Round "3"]
[White "Adams,Mi"]
[Black "Komarov,D"]
[Result "1/2-1/2"]
[WhiteElo "2734"]
[BlackElo "2560"]

1.e4 c5 2.Nf3 Nc6 3.Bb5 Nf6 4.Qe2 g6 5.e5 Nd5 6.Qc4 Nc7 7.Qxc5 Nxb5 8.Qxb5 d6
9.exd6 Qxd6 10.O-O Bg7 11.c3 Bg4 12.d4 Bxf3 13.gxf3 O-O 14.Nd2 Rfd8 15.Ne4 Qc7
16.Kg2 h6 17.Be3 e6 18.Qe2 b6 19.Rad1 Ne7 20.Ng3 Rac8 21.Rfe1 Qc6 22.Bc1 Rd5
23.Qe4 Qc4 24.a3 Nf5 25.Nxf5 Rxf5 26.d5 exd5 27.Qxc4 dxc4 28.Re7 a5 29.a4 Bf8
30.Rb7 Bc5 31.Be3 Rc6 32.Rd8+ Kg7 33.Rbb8 Re6 34.Bd4+ Bxd4 35.Rxd4 Rc6 36.Rb7 g5
37.Re4 Rcf6  1/2-1/2

[Event "National I"]
[Site "Sautron FRA"]
[Date "2003.02.02"]
[Round "3"]
[White "Rausis,I"]
[Black "Degraeve,JM"]
[Result "1/2-1/2"]
[WhiteElo "2537"]
[BlackElo "2542"]

1.e4 c5 2.Nf3 Nc6 3.Bb5 g6 4.Bxc6 dxc6 5.d3 Bg7 6.h3 Nf6 7.Nc3 O-O 8.Be3 b6
9.Qd2 e5 10.Bh6 Qd6 11.Bxg7 Kxg7 12.O-O-O a5 13.Nh4 Nh5 14.g3 a4  1/2-1/2

[Event "National I"]
[Site "Sautron FRA"]
[Date "2003.02.02"]
[Round "3"]
[White "Beudaert,X"]
[Black "Berthelot,Y"]
[Result "0-1"]
[WhiteElo "2293"]
[BlackElo "2311"]

1.e4 c5 2.Nf3 Nc6 3.Bb5 e6 4.Bxc6 bxc6 5.d3 Qc7 6.Qe2 e5 7.O-O d6 8.Ne1 Ne7
9.f4 exf4 10.Bxf4 Ng6 11.Bg3 Be7 12.Nd2 Be6 13.Nef3 Bf6 14.c3 Rb8 15.Rfb1 O-O
16.Qe3 Qe7 17.d4 cxd4 18.cxd4 Rfe8 19.Qa3 Rbd8 20.Rc1 c5 21.e5 dxe5 22.dxc5 Bd5
23.Re1 Qb7 24.Nb3 Bxb3 25.Qxb3 Qxb3 26.axb3 e4 27.c6 exf3 28.c7 Bd4+ 29.Kf1 Rxe1+
30.Rxe1 fxg2+ 31.Kxg2 Rc8 32.Kf3 Bb6  0-1

[Event "Gibraltar Masters"]
[Site "Catalan Bay ENG"]
[Date "2003.02.03"]
[Round "7"]
[White "Palac,M"]
[Black "Reinderman,D"]
[Result "1/2-1/2"]
[WhiteElo "2591"]
[BlackElo "2506"]

1.e4 c5 2.Nf3 Nc6 3.Bb5 d6 4.Bxc6+ bxc6 5.e5 d5 6.O-O Bg4 7.h3 Bxf3 8.Qxf3 e6
9.b3 Ne7 10.Nc3 Qa5 11.Na4 Nc8 12.c4 Nb6 13.Nxb6 axb6 14.d3 Qc3 15.Bf4 Be7
16.Qe2 O-O 17.Rfc1  1/2-1/2

[Event "3rd IM"]
[Site "Griesheim GER"]
[Date "2003.02.04"]
[Round "7"]
[White "Schramm,C"]
[Black "Solonar,S"]
[Result "0-1"]
[WhiteElo "2331"]
[BlackElo "2380"]

1.e4 c5 2.Nf3 Nc6 3.Bb5 g6 4.O-O Bg7 5.h3 Nf6 6.Nc3 O-O 7.Bxc6 bxc6 8.d3 d6
9.Be3 e5 10.Qd2 Nh5 11.g4 f5 12.gxh5 f4 13.Bxc5 dxc5 14.hxg6 Bxh3 15.gxh7+ Kxh7
16.Kh2 Rh8 17.Kxh3 Kg8+ 18.Kg4 Qd7+ 19.Kg5 Bf6+ 20.Kxf6 Rf8+  0-1

[Event "II Marcelo Salado Cup Gp A"]
[Site "Santa Clara CUB"]
[Date "2003.02.04"]
[Round "2"]
[White "Marrero,Y"]
[Black "Martinez,Lel"]
[Result "0-1"]
[WhiteElo "2226"]
[BlackElo "2282"]

1.e4 c5 2.Nf3 Nc6 3.Bb5 e6 4.Bxc6 bxc6 5.d3 Ne7 6.h4 d6 7.h5 e5 8.Na3 f6
9.Nc4 Be6 10.b3 Nc8 11.Nh4 g5 12.Nf5 d5 13.Nce3 d4 14.Nc4 Bxf5 15.exf5 Qd5
16.Qg4 Ne7 17.Nd2 Qd7 18.Ne4 Kf7 19.h6 Nd5 20.Ba3 Qd8 21.O-O Qa5 22.Qh5+ Kg8
23.Bc1 Be7 24.g3 Kf8 25.Bd2 Qc7 26.Rae1 Rg8 27.Kh1 Bd6 28.a4 Rd8 29.a5 a6
30.Ra1 Qf7 31.Qxf7+ Kxf7 32.Ra4 g4 33.Rc4 Bf8 34.Nxc5 Bxc5 35.Rxc5 Ne7 36.f4 Rd5
37.Rc4 Nxf5 38.Kg2 Rc8 39.fxe5 Rxe5 40.Kf2 Ke6 41.Re1 Kd5 42.Rxe5+ fxe5 43.c3 Rf8
44.Rb4 Nxh6+ 45.Kg2 Nf5 46.cxd4 exd4 47.Bf4 h5 48.Rb6 Ne3+ 49.Kh2 h4 50.Rxa6 h3
51.Ra7 Re8 52.Rd7+ Kc5 53.b4+ Kb5 54.Rxd4 Nf1+ 55.Kg1 Re1 56.Kf2  0-1

[Event "Gibraltar Masters"]
[Site "Catalan Bay ENG"]
[Date "2003.02.05"]
[Round "9"]
[White "Campora,D"]
[Black "Johansen,D"]
[Result "0-1"]
[WhiteElo "2505"]
[BlackElo "2487"]

1.e4 c5 2.Nf3 Nc6 3.Bb5 Nf6 4.e5 Nd5 5.O-O Nc7 6.a4 g6 7.c3 Bg7 8.d4 cxd4
9.cxd4 O-O 10.Nc3 d6 11.Qe2 Bg4 12.Rd1 Ne6 13.Qe4 Bxf3 14.gxf3 Rc8 15.Be3 a6
16.Bf1 Nc7 17.f4 d5 18.Qb1 e6 19.b4 Qh4 20.b5 Na5 21.b6 Ne8 22.Ne2 Nc4 23.Ng3 f6
24.Bxc4 Rxc4 25.Qd3 Bh6 26.Qd2 fxe5 27.fxe5 Bxe3 28.fxe3 Ng7 29.Rac1 Nf5
30.Rxc4 dxc4 31.Qg2 Nxg3 32.Qxg3 Qe4 33.Rc1 c3 34.Qe1 Qg4+ 35.Qg3 Qe2 36.Qe1 Qg4+
37.Qg3 Qe4 38.Qe1 Rf5 39.Qxc3 Qg4+ 40.Kh1 Qf3+  0-1

[Event "II Marcelo Salado Cup Gp A"]
[Site "Santa Clara CUB"]
[Date "2003.02.05"]
[Round "4"]
[White "Pozo Vera,S"]
[Black "Alvarez Pedraza,A"]
[Result "1-0"]
[WhiteElo "2281"]
[BlackElo "2233"]

1.e4 c5 2.Nf3 Nc6 3.Bb5 e6 4.O-O Nge7 5.c3 a6 6.Ba4 b5 7.Bc2 Bb7 8.Re1 Ng6
9.a4 Bd6 10.d4 cxd4 11.cxd4 Nb4 12.Bb3 bxa4 13.Bxa4 O-O 14.Nc3 f5 15.e5 Be7
16.Bb3 Rc8 17.d5 Rxc3 18.bxc3 Nxd5 19.Qd4 Qc7 20.Ba3 Nxc3 21.Rac1 Bxa3 22.Rxc3 Qa5
23.Ra1 Bxf3 24.Rxa3 Qxa3 25.Bxe6+ dxe6 26.Rxa3 Bd5 27.Rxa6 Rc8 28.Ra1 h5
29.Qd2 Rc4 30.f3 f4 31.Rc1 Rxc1+ 32.Qxc1 h4 33.Qc7 Kh7 34.Kf2 Kh6 35.Qf7 Kh7
36.g3 fxg3+ 37.hxg3 hxg3+ 38.Kxg3 Nh8 39.Qh5+ Kg8 40.Qe8+ Kh7 41.f4 Ng6 42.Kg4 Bc4
43.Kg5 Nh8 44.f5 exf5 45.e6 Bb3 46.Qh5+ Kg8 47.e7 Nf7+ 48.Kf4 Ba4 49.Qxf5 g5+
50.Kg3 Kg7 51.Qc8 Nd6 52.Qa6 Nf5+ 53.Kg4 Nh6+ 54.Kxg5 Nf7+ 55.Kh5 Be8 56.Qg6+ Kh8
57.Kh4  1-0

[Event "II Marcelo Salado Cup Gp A"]
[Site "Santa Clara CUB"]
[Date "2003.02.05"]
[Round "4"]
[White "Marrero,Y"]
[Black "Corrales,Fi"]
[Result "1-0"]
[WhiteElo "2226"]
[BlackElo "2245"]

1.e4 c5 2.Nf3 Nc6 3.Bb5 g6 4.Bxc6 dxc6 5.d3 Bg7 6.h3 e5 7.Be3 Qe7 8.Qd2 h6
9.Nc3 Nf6 10.O-O Nd7 11.Nh2 Nf8 12.f4 exf4 13.Rxf4 Ne6 14.Rf2 Nd4 15.Raf1 Be6
16.b3 O-O-O 17.Nf3 g5 18.Ne2 Qd6 19.Qa5 b6 20.Qxa7 Nxc2 21.Qa6+ Kd7 22.Bc1 Ra8
23.Qb7+ Qc7 24.Ne5+ Kd6 25.Nxf7+ Kd7 26.Qxc7+ Kxc7 27.Nxh8 Bxh8 28.Nf4 gxf4
29.Bxf4+ Kd7 30.Rxc2 Bd4+ 31.Kh2 h5 32.Bg3 Rg8 33.Re2 Ke7 34.e5 Bd5 35.Rf5 b5
36.Rxh5 Rg6 37.Bh4+ Ke6 38.Bf6 c4 39.bxc4 bxc4 40.dxc4 Bxc4 41.Rc2 Bd5 42.a4 c5
43.a5 Be4 44.Re2 Bd3 45.Rd2 c4 46.Rh8 Be3 47.Re8+ Kf5 48.g4+ Ke4 49.Ra2 Rh6
50.a6 Kf3 51.Rh8 Bf4+ 52.Kh1 Rxh8 53.Bxh8 Be4 54.a7 Ba8 55.e6 Bd6 56.Bf6 Bc5
57.Kh2 c3 58.e7  1-0

[Event "II Marcelo Salado Cup Gp B"]
[Site "Santa Clara CUB"]
[Date "2003.02.06"]
[Round "5"]
[White "Placencia Perdigon,L"]
[Black "Mestre,P"]
[Result "1-0"]
[WhiteElo "2150"]
[BlackElo "2168"]

1.e4 c5 2.Nf3 Nc6 3.Bb5 e6 4.Bxc6 bxc6 5.b3 Ne7 6.O-O Ng6 7.e5 Be7 8.Re1 f6
9.Bb2 O-O 10.d3 Qc7 11.exf6 Bxf6 12.Bxf6 Rxf6 13.Nbd2 Bb7 14.Ne4 Rf5 15.d4 cxd4
16.Nxd4 Re5 17.c4 Rf8 18.Nf3 Rh5 19.Qd6 Qxd6 20.Nxd6 Ba8 21.Ne4 c5 22.Rad1 Bc6
23.Ng3 Bxf3 24.Nxh5 Bxh5 25.Rxd7 Rf7 26.Rxf7 Kxf7 27.f3 Nf8 28.Re5 Bg6 29.Rxc5 Nd7
30.Rc7 Ke7 31.Rxa7 Kd6 32.Kf2 Bc2 33.Ke3 g5 34.Kd4 e5+ 35.Kc3 Bf5 36.b4 e4
37.c5+ Kc6 38.fxe4 Bxe4 39.Kd4 Bf5 40.a4  1-0

[Event "II Marcelo Salado Cup Gp A"]
[Site "Santa Clara CUB"]
[Date "2003.02.07"]
[Round "6"]
[White "Pozo Vera,S"]
[Black "Fernandez,Alex"]
[Result "1-0"]
[WhiteElo "2281"]
[BlackElo "2373"]

1.e4 c5 2.Nf3 Nc6 3.Bb5 e6 4.O-O Nge7 5.c3 a6 6.Ba4 b5 7.Bc2 d5 8.exd5 Nxd5
9.d4 cxd4 10.Nxd4 Nxd4 11.Qxd4 Bb7 12.a4 Qc7 13.axb5 axb5 14.Rxa8+ Bxa8 15.Na3 Nf6
16.Bd3 Bc5 17.Bxb5+ Ke7 18.Bf4 Qb6 19.Qe5 Rc8 20.Rd1 Kf8 21.Be3 Bxe3 22.Qxe3 Qb7
23.f3 h6 24.c4 Qc7 25.b4 Kg8 26.Nb1 e5 27.Nc3 e4 28.fxe4 Ng4 29.Qg3 Qb6+
30.c5 Rxc5 31.bxc5 Qxc5+ 32.Kf1 Ne3+ 33.Ke2 Nxd1 34.Kxd1 Qd4+ 35.Kc1 Bxe4
36.Nxe4 Qxe4 37.Bd3 Qb4 38.Kd1 Qb6 39.Ke2 g6 40.Qe3 Qb2+ 41.Kf3 h5 42.Bc4 Kg7
43.Qd3 Qf6+ 44.Ke3 Qe5+ 45.Kf2 Qxh2 46.Qd4+ Kg8 47.Qf6 Qc7 48.Qxg6+ Kf8 49.Qe4 Qb6+
50.Kg3 Qf6 51.Qf4 Qg6+ 52.Kh4 f6 53.Qd6+ Ke8 54.Bb5+ Kf7 55.Qc7+ Kf8 56.Qb8+ Ke7
57.Qc7+ Kf8 58.Qd6+ Kf7 59.Bc4+ Ke8 60.Qe6+ Kf8 61.Bd5 Qg5+ 62.Kh3 Qg6 63.g3 h4
64.Kxh4 Qg5+ 65.Kh3 Qh6+ 66.Kg4 Qg5+ 67.Kf3 Qh5+ 68.Kg2 Qg6 69.Be4 Qg5 70.Qd6+ Kg7
71.Qe7+ Kg8 72.Qe8+ Kg7 73.Kf3 Qh6 74.Qe7+ Kh8 75.Qe8+ Kg7 76.Qd7+ Kf8 77.Kg2 Qg5
78.Qh7 Qd2+ 79.Kh3 Qf2 80.Qf5 Qd4 81.Kg4 Ke7 82.Kh5 Qe3 83.g4 Qb3 84.Bd5 Qe3
85.Kg6 Kd6 86.Qxf6+ Kc5 87.Qc6+ Kb4 88.Qc4+  1-0

[Event "II Marcelo Salado Cup Gp A"]
[Site "Santa Clara CUB"]
[Date "2003.02.08"]
[Round "8"]
[White "Pozo Vera,S"]
[Black "Garcia Gomez,R"]
[Result "1-0"]
[WhiteElo "2281"]
[BlackElo "2198"]

1.e4 c5 2.Nf3 Nc6 3.Bb5 e6 4.O-O Nge7 5.c3 a6 6.Be2 d5 7.exd5 Nxd5 8.d4 cxd4
9.Nxd4 Nxd4 10.Qxd4 Qf6 11.Qxf6 Nxf6 12.Bf3 Bc5 13.Nd2 O-O 14.Nc4 a5 15.a4 Ra7
16.Bf4 b6 17.Nd6 Ba6 18.Rfd1 Re7 19.Bg5 Rd7 20.Bxf6 Rxd6 21.Rxd6 Bxd6 22.Rd1 Bc5
23.Bg5 Bc4 24.Bc6 f6 25.Be3 Rc8 26.Bd7 Rc7 27.Bxc5 bxc5 28.Bb5 Bd5 29.f4 Kf7
30.f5 Ke7 31.Rd2 Bc6 32.fxe6 Kxe6 33.Rd8 Bb7 34.Kf2 Ke5 35.Bc4 Bc6 36.b3 g6
37.Rb8 Bb7 38.Re8+ Kf5 39.Re6 Bc6 40.Rd6 Ke5 41.Re6+ Kf5 42.h3 h5 43.Rd6 g5
44.Bb5 Bb7 45.Be8 h4 46.Rb6 Be4 47.Rb5 Kf4 48.Rxa5  1-0

[Event "TCh-BEL 2002-3"]
[Site "Belgium BEL"]
[Date "2003.02.09"]
[Round "8"]
[White "Jaracz,P"]
[Black "Klyuner,V"]
[Result "1-0"]
[WhiteElo "2545"]
[BlackElo "2425"]

1.e4 c5 2.Nf3 Nc6 3.Bb5 d6 4.O-O Bd7 5.Re1 a6 6.Bf1 g6 7.c3 Bg7 8.h3 e5 9.Na3 Nge7
10.Nc4 Bc8 11.d4 cxd4 12.cxd4 Nxd4 13.Nxd4 exd4 14.Bf4 O-O 15.Nxd6 Be6 16.Nxb7 Qb6
17.Nd6 Qxb2 18.Qa4 Nc8 19.Reb1 Qc3 20.Rc1 Nb6 21.Qd1 Qa3 22.e5 Nd5 23.Bg3 Rfd8
24.Bc4 Rd7 25.Qd2 Qb4 26.Qd3 Qa5 27.Qb3 h5 28.h4 Nc7 29.Qf3 Rf8 30.Nb7 Qb6
31.Rab1 Qa7 32.Nc5 Re7 33.Nxe6 Nxe6 34.Qa3 a5 35.Rb5 a4 36.Qb4 Bh6 37.Rd1 Rd8
38.Ra5 Qc7 39.Rxa4 Qc5 40.Bxe6 Qxb4 41.Bxf7+ Kxf7 42.Rxb4 d3 43.f4 Rc7 44.a4 Rc2
45.Bf2 Ke6 46.a5 Ra2 47.Rb6+ Kf5 48.Rd6 Rc8 49.Rf6+ Ke4 50.e6 Re8 51.f5 Bg7
52.Rf7 Bc3 53.f6 Rxe6 54.Re7 Kf5 55.Rxd3 Ra1+ 56.Kh2 Be5+ 57.Bg3 Kxf6 58.Bxe5+ Rxe5
59.Rxe5 Kxe5 60.Rg3 Kf6 61.Rg5 Ra4 62.g3 Ra2+ 63.Kg1 Ra1+ 64.Kf2  1-0

[Event "Bermuda Open"]
[Site "Southampton BER"]
[Date "2003.02.09"]
[Round "5"]
[White "Seul,G"]
[Black "Paschall,W"]
[Result "1-0"]
[WhiteElo "2437"]
[BlackElo "2444"]

1.e4 c5 2.Nf3 Nc6 3.Bb5 d6 4.O-O Bd7 5.Re1 Nf6 6.c3 a6 7.Bf1 Bg4 8.h3 Bh5
9.d3 e6 10.Nbd2 Be7 11.a3 d5 12.g4 Bg6 13.Nh4 dxe4 14.dxe4 Qc7 15.Qe2 Rd8
16.Nxg6 hxg6 17.e5 Nd5 18.Nf3 Na5 19.c4 Nb6 20.Qc2 Nc6 21.Bf4 g5 22.Nxg5 Rd4
23.Re4 Bxg5 24.Bxg5 Rxe4 25.Qxe4 Qxe5 26.Qxe5 Nxe5 27.Be3 Nbxc4 28.Bxc5 Nd2
29.Kg2 Nb3 30.Re1 Nxg4 31.hxg4 Nxc5 32.Rc1 b6 33.b4 Nb7 34.Rc6 Kd7 35.Rxb6 Kc7
36.Rxa6 Rd8 37.Be2 Rd2 38.Bf3 Nd6 39.Rc6+ Kd7 40.Rc5 Rb2 41.Ra5 Ke7 42.g5 Nc4
43.Ra7+ Kf8 44.Be4 Rb3 45.g6 fxg6 46.Bxg6 Ne5 47.Be4 Nc4 48.Bc2 Rb2 49.Bg6 Ne5
50.Be4 Nc4 51.Bd3 Ne5 52.Bb5 Ng4 53.Bc6 Nxf2 54.b5 e5 55.Kf3 g5 56.a4 g4+
57.Kg3 e4 58.Ra8+ Kf7 59.a5 e3 60.Re8 Nd1 61.a6 e2 62.a7 Rb3+ 63.Kg2 Rb2
64.Kg1 Ra2 65.b6 Ra1 66.Rxe2 Nc3+ 67.Kf2 g3+ 68.Kf3 Nxe2 69.Kxe2 Ke7 70.a8=Q Rxa8
71.Bxa8 g2 72.Bxg2 Kd7 73.Kd3 Kc8 74.Kc4 Kb8 75.Bf3  1-0